<?xml version="1.0" encoding="UTF-8"?><marc:collection xmlns:marc="http://www.loc.gov/MARC21/slim">
  <marc:record>
    <marc:leader>00000nam  2200000za 4500</marc:leader>
    <marc:controlfield tag="001">9.862636</marc:controlfield>
    <marc:controlfield tag="003">CaOODSP</marc:controlfield>
    <marc:controlfield tag="005">20221107161054</marc:controlfield>
    <marc:controlfield tag="007">cr |||||||||||</marc:controlfield>
    <marc:controlfield tag="008">181002s2018    onc     o    f|0| 0 eng d</marc:controlfield>
    <marc:datafield tag="020" ind1=" " ind2=" ">
      <marc:subfield code="a">978-0-660-27632-8</marc:subfield>
    </marc:datafield>
    <marc:datafield tag="040" ind1=" " ind2=" ">
      <marc:subfield code="a">CaOODSP</marc:subfield>
      <marc:subfield code="b">eng</marc:subfield>
    </marc:datafield>
    <marc:datafield tag="043" ind1=" " ind2=" ">
      <marc:subfield code="a">n-cn---</marc:subfield>
    </marc:datafield>
    <marc:datafield tag="086" ind1="1" ind2=" ">
      <marc:subfield code="a">FA1-26/2018-2-2E-PDF</marc:subfield>
    </marc:datafield>
    <marc:datafield tag="110" ind1="1" ind2=" ">
      <marc:subfield code="a">Canada. </marc:subfield>
      <marc:subfield code="b">Office of the Auditor General.</marc:subfield>
    </marc:datafield>
    <marc:datafield tag="245" ind1="1" ind2="0">
      <marc:subfield code="a">Protecting marine mammals </marc:subfield>
      <marc:subfield code="h">[electronic resource] : </marc:subfield>
      <marc:subfield code="b">independent auditor’s report.</marc:subfield>
    </marc:datafield>
    <marc:datafield tag="260" ind1=" " ind2=" ">
      <marc:subfield code="a">[Ottawa] : </marc:subfield>
      <marc:subfield code="b">Office of the Auditor General of Canada, </marc:subfield>
      <marc:subfield code="c">2018.</marc:subfield>
    </marc:datafield>
    <marc:datafield tag="300" ind1=" " ind2=" ">
      <marc:subfield code="a">iii, 34 p. : </marc:subfield>
      <marc:subfield code="b">col. ill.</marc:subfield>
    </marc:datafield>
    <marc:datafield tag="490" ind1="1" ind2=" ">
      <marc:subfield code="a">Reports of the Commissioner of the Environment and Sustainable Development to the Parliament of Canada, </marc:subfield>
      <marc:subfield code="v">Fall 2018, report 2</marc:subfield>
      <marc:subfield code="x">2561-1801 ;</marc:subfield>
    </marc:datafield>
    <marc:datafield tag="500" ind1=" " ind2=" ">
      <marc:subfield code="a">Issued also in French under title: La protection des mammifières marins : rapport de l’auditeur indépendant.</marc:subfield>
    </marc:datafield>
    <marc:datafield tag="500" ind1=" " ind2=" ">
      <marc:subfield code="a">Issued also in HTML format.</marc:subfield>
    </marc:datafield>
    <marc:datafield tag="504" ind1=" " ind2=" ">
      <marc:subfield code="a">Includes bibliographic references.</marc:subfield>
    </marc:datafield>
    <marc:datafield tag="520" ind1=" " ind2=" ">
      <marc:subfield code="a">"This audit focused on whether Fisheries and Oceans Canada, Environment and Climate Change Canada, Parks Canada, and Transport Canada had adequately protected marine mammals in waters under the jurisdiction of Canada from threats posed by marine vessels and commercial fishing (not including the harvesting of marine mammals)"--p. 3.</marc:subfield>
    </marc:datafield>
    <marc:datafield tag="530" ind1=" " ind2=" ">
      <marc:subfield code="a">Issued also in print format.</marc:subfield>
    </marc:datafield>
    <marc:datafield tag="692" ind1="0" ind2="7">
      <marc:subfield code="2">gccst</marc:subfield>
      <marc:subfield code="a">Audit</marc:subfield>
    </marc:datafield>
    <marc:datafield tag="692" ind1="0" ind2="7">
      <marc:subfield code="2">gccst</marc:subfield>
      <marc:subfield code="a">Mammals</marc:subfield>
    </marc:datafield>
    <marc:datafield tag="692" ind1="0" ind2="7">
      <marc:subfield code="2">gccst</marc:subfield>
      <marc:subfield code="a">Environmental protection</marc:subfield>
    </marc:datafield>
    <marc:datafield tag="775" ind1="0" ind2="8">
      <marc:subfield code="t">La protection des mammifères marins </marc:subfield>
      <marc:subfield code="w">(CaOODSP)9.862640</marc:subfield>
    </marc:datafield>
    <marc:datafield tag="776" ind1="0" ind2="#">
      <marc:subfield code="t">Marine mammals </marc:subfield>
      <marc:subfield code="w">(CaOODSP)9.860877</marc:subfield>
    </marc:datafield>
    <marc:datafield tag="830" ind1="#" ind2="0">
      <marc:subfield code="a">Reports of the Commissioner of the Environment and Sustainable Development to the Parliament of Canada,</marc:subfield>
      <marc:subfield code="x">2561-1801 ; </marc:subfield>
      <marc:subfield code="v">Fall 2018, report 2.</marc:subfield>
      <marc:subfield code="w">(CaOODSP)9.842750</marc:subfield>
    </marc:datafield>
    <marc:datafield tag="856" ind1="4" ind2="0">
      <marc:subfield code="q">PDF</marc:subfield>
      <marc:subfield code="s">780 KB</marc:subfield>
      <marc:subfield code="u">https://publications.gc.ca/collections/collection_2018/bvg-oag/FA1-26-2018-2-2-eng.pdf</marc:subfield>
    </marc:datafield>
    <marc:datafield tag="856" ind1="4" ind2=" ">
      <marc:subfield code="q">HTML</marc:subfield>
      <marc:subfield code="s">N/A</marc:subfield>
      <marc:subfield code="u">https://www.oag-bvg.gc.ca/internet/English/parl_cesd_201810_02_e_43146.html</marc:subfield>
    </marc:datafield>
  </marc:record>
</marc:collection>
